Hallazgo de Dermatobia hominis (Linnaeus filius, 1781) (Diptera. Cuterebridae) en Bothrops cf. Atrox (Linnaeus, 1758) (Viperidae: Crotalinae) (Registro nro. 16128)
[ vista simple ]
| 000 -CABECERA | |
|---|---|
| Campo de control | 005500000a22001450004500 |
| 090 ## - CLASIFICACIÓN LOCAL | |
| Colección | AS |
| Consecutivo | Seriadas |
| 041 0# - IDIOMA | |
| Código de idioma para texto/pista de sonido o título separado | |
| 100 1# - ASIENTO PRINCIPAL--NOMBRE PERSONAL | |
| Nombre personal | Cura, Emilio |
| 245 10 - MENCION DE TITULO | |
| Título | Hallazgo de Dermatobia hominis (Linnaeus filius, 1781) (Diptera. Cuterebridae) en Bothrops cf. Atrox (Linnaeus, 1758) (Viperidae: Crotalinae) |
| 700 1# - ASIENTO SECUNDARIO - NOMBRE PERSONAL | |
| Nombre personal | Ramírez Avila, Jaime |
| 700 1# - ASIENTO SECUNDARIO - NOMBRE PERSONAL | |
| Nombre personal | Renjifo R., Juan Manuel |
| 700 1# - ASIENTO SECUNDARIO - NOMBRE PERSONAL | |
| Nombre personal | Forero Ch., María Cristina |
| 773 1# - Item fuente: | |
| Título | Trianea |
| Datos de la serie | Acta Científica y Tecnológica |
| Descripción física | 4 |
| Paginas del Articulo | 551-556 |
| Lugar, editorial y fecha de publicación | 1991 |
| 942 ## - ELEMENTOS ADICIONALES (KOHA) | |
| Tipo de ítem | Artículo |
No hay ítems disponibles.